[Event "Hohenloher op 10th"]
[Site "Forchtenberg"]
[Date "2003.06.21"]
[Round "5"]
[White "Arndt, Heiko"]
[Black "Marian, Renate"]
[Result "1-0"]
[WhiteElo "1765"]
[BlackElo "1540"]
[PlyCount "49"]
[EventDate "2003.06.19"]
[EventType "swiss"]
[EventRounds "7"]
[EventCountry "GER"]
[SourceTitle "EXT 2004"]
[Source "ChessBase"]
[SourceDate "2003.11.25"]
[SourceVersion "1"]
[SourceVersionDate "2003.11.25"]
[SourceQuality "1"]

1. e4 Nf6 2. Nc3 d5 3. exd5 Nxd5 4. Nxd5 Qxd5 5. d4 Nc6 6. Nf3 Bg4 7. Be2 e6 8. c3 Be7 9. h3 Bh5 10. Qb3 Qxb3 11. axb3 0-0 12. Be3 Rad8 13. Rd1 Bf6 14. b4 Ne7 15. g4 Bg6 16. g5 Bxd4 17. Nxd4 c6 18. 0-0 Nd5 19. c4 Nxe3 20. fxe3 Rd7 21. Nf3 Rfd8 22. b3 Bh5 23. Rxd7 Rxd7 24. Rd1 Rxd1+ 25. Bxd1 1-0

[Event "Hohenloher op 10th"]
[Site "Forchtenberg"]
[Date "2003.06.19"]
[Round "2"]
[White "Riedel, Wolfram"]
[Black "Arndt, Heiko"]
[Result "0-1"]
[WhiteElo "1400"]
[BlackElo "1765"]
[PlyCount "72"]
[EventDate "2003.06.19"]
[EventType "swiss"]
[EventRounds "7"]
[EventCountry "GER"]
[SourceTitle "EXT 2004"]
[Source "ChessBase"]
[SourceDate "2003.11.25"]
[SourceVersion "1"]
[SourceVersionDate "2003.11.25"]
[SourceQuality "1"]

1. d4 Nf6 2. c4 e6 3. a3 d5 4. e3 b6 5. b4 dxc4 6. Bxc4 c5 7. Nf3 cxb4 8. axb4 Bxb4+ 9. Bd2 Bxd2+ 10. Nbxd2 0-0 11. Bd3 Bb7 12. 0-0 Nc6 13. Nb3 Qe7 14. Bc2 Nb4 15. Re1 Rfc8 16. Re2 Ne4 17. Bxe4 Bxe4 18. Ne1 Rc7 19. f3 Bd5 20. Nd3 Rc3 21. Nbc1 Rac8 22. Kf2 Nxd3+ 23. Nxd3 Bc4 24. Rd2 Bxd3 25. Rxd3 Rc2+ 26. Rd2 Qc7 27. Qe2 a5 28. Ra2 Rxd2 29. Qxd2 g6 30. Ke2 Qc4+ 31. Kd1 Qf1+ 32. Qe1 Rc1+ 33. Kxc1 Qxe1+ 34. Kb2 Qxe3 35. Ra4 b5 36. Rxa5 Qd2+ 0-1